| 000 | 01101nam a2200229 a 4500 | ||
|---|---|---|---|
| 001 | 000049058 | ||
| 005 | 20201002061623.0 | ||
| 008 | 190716s1979 dr 000 0 spa d | ||
| 040 |
_aDO-SdBNP _bspa _cBNPHU |
||
| 082 |
_axx _bxx |
||
| 245 | 0 | 3 |
_aLa infertilidad : _bDocumentos -15 / _cJosé Rafael Sosa ...[et.al]. |
| 260 |
_aSanto Domingo, República Dominicana : _bPROFAMILIA, _c1979. |
||
| 300 |
_a47 p. ; _c22 cm. |
||
| 500 | _aTres Ponencia celebrada en la Biblioteca Nacional | ||
| 500 |
_aII La Infertilidad femenina / _rVíctor Ml. Montes Oca -- _tIII Infertilidad masculina y su tratamiento / _rDR. Franz Miniño Marión-Landais -- _tIV Razones endocrinológicas de la infertilidad / _rDR. Sócrates Mañón. |
||
| 500 | _aIncluye datos biográficos de los exponentes | ||
| 590 | _aInventariado, 2019/VM | ||
| 700 | 1 |
_aSosa, José Rafael _964 |
|
| 700 | 1 |
_aMonte Oca, Víctor Ml. _tLa Infertilidad femenina _976453 |
|
| 700 | 1 |
_aMiniño Marión-Landais, Franz _tInfertilidad masculina y su tratamiento _976454 |
|
| 700 | 1 |
_aMañón, Sócrates _tRazones endocrinológicas de la infertilidad _976455 |
|
| 999 |
_c48546 _d48546 |
||